Statistics for Best International Feature Film Oscar Countries

Click here to take the quiz!

General Stats

  • This quiz has been taken 406 times
    (65 since last reset)
  • The average score is 42 of 63

Answer Stats

WinsNominations% Correct
1241France
100%
1433Italy
100%
0518Japan
98%
0313Germany
96%
0107Russia
94%
0101South Korea
94%
0421Spain
94%
0103United Kingdom
94%
0002China
92%
0203Iran
92%
0109Mexico
92%
0208Argentina
88%
0004Brazil
88%
0001Ireland
88%
0113Poland
88%
0316Sweden
88%
0008Belgium
85%
0001Finland
85%
0005Greece
85%
0001Australia
83%
0107Canada
83%
0003India
81%
0307Netherlands
81%
0006Norway
81%
0210Hungary
79%
0102South Africa
79%
0204Austria
77%
0102Chile
77%
0414Denmark
77%
0001Iceland
77%
0010Israel
75%
0001Peru
75%
0205Switzerland
75%
0001Colombia
71%
0001Cuba
71%
0309Soviet Union
71%
0103Czech Republic
69%
0206Czechoslovakia
65%
0001Romania
65%
0006Yugoslavia
65%
0103Taiwan
63%
0001Vietnam
63%
0105Algeria
58%
0001Estonia
56%
0001Uruguay
56%
0102Bosnia and Herzegovina
50%
0001Tunisia
50%
0001Jordan
44%
0002Lebanon
44%
0108West Germany
42%
0001East Germany
40%
0001Nepal
40%
0003Hong Kong
38%
0002North Macedonia
38%
0001Cambodia
35%
0001Georgia
33%
0002Palestine
33%
0001Kazakhstan
31%
0001Nicaragua
31%
0001Bhutan
27%
0101Ivory Coast
21%
0001Puerto Rico
21%
0001Mauritania
19%

Score Distribution

Percentile by Number Answered

Percent of People with Each Score

Your Score History

You have not taken this quiz since the last reset